000 00676nam a2200229 i 4500
001 10153
003 ES-MaACL
005 20230906145829.0
007 t|
008 950313s1993 sp ||||1| spa d
020 _a84-7584-235-6
080 _a78(46)"1778/1839"
080 _a92 Sors, Ferran
080 _a7 Sors, Ferran
100 1 _aOlcina Aya, Emilio.
_986687
245 1 0 _aApuntes sobre Ferran Sors y la creación romántica en la España de Goya /
_cEmili Olcina.
260 _aBarcelona :
_bLaertes,
_cD.L. 1993.
300 _a125 p. ;
_c20 cm.
500 _aIndice.
600 1 4 _aSors, Ferran-
_xBiografías.
_9107428
852 _aES-MaACL
_jL-17708
_bR.123300
999 _c10153
_d10153